| 000 | 01536nam a2200349 c 4500 | ||
|---|---|---|---|
| 003 | BLK | ||
| 005 | 20230324030259.0 | ||
| 008 | 180409b bul|||||r ||||||| ||bul|| | ||
| 010 | _aKNG00146508000 | ||
| 020 |
_a978-954-8186-60-5 _bиздат.: Санома Блясък България |
||
| 040 | _aBLK | ||
| 041 |
_aBUL _cBUL |
||
| 072 | 7 |
_2bullib _aН83 _xЧужда художествена литература Н |
|
| 080 |
_aАмериканска литература (на САЩ) _b821.111(73) _x-31 _z821.111(73)-31 |
||
| 100 | 1 |
_aУайнър, Дженифър _eпърви автор _9280008 |
|
| 139 |
_aУайнър, Дженифър _bУ 13 |
||
| 245 | 1 | 0 |
_aДобър в леглото _bРоман _cДженифър Уайнър; прев. от англ. Цветана Тодорова Генчева. |
| 250 | _a2. изд. | ||
| 257 | _aUSA | ||
| 260 |
_аСофия _bСанома Блясък България _c2011 _fСофия : Алианс Принт |
||
| 300 |
_a304 с. _c20 см |
||
| 380 | _aX | ||
| 490 | 1 |
_aСветовни бестселъри _v4 |
|
| 500 | _a1. изд. 2005 на изд. Бард. - Ориг. загл. Good in Bed / Jennifer Weiner. - Разпространява се със сп. Журнал за жената. | ||
| 659 | _aН | ||
| 852 | _aЦб 261709 | ||
| 856 | 4 |
_qpdf _u |
|
| 856 | 4 |
_qpdf _u |
|
| 942 |
_cKNG _n0 _01 |
||
| 944 |
_aCR _c19.07.2013 _kМилена_Ачева |
||
| 944 |
_aED _c08.01.2014 _k |
||
| 999 |
_c140446 _d140446 |
||